| 000 | 01179nam a22003017a 4500 | ||
|---|---|---|---|
| 001 | 5230 | ||
| 003 | FISKH | ||
| 005 | 20241203110236.0 | ||
| 008 | 241120b cb ||||| |||| 00| 0 eng d | ||
| 020 | _a9781407111803 | ||
| 040 |
_aFISKH _beng _cFISKH _dFISKH |
||
| 082 | _a509 | ||
| 100 | _aGoldsmith, Mike | ||
| 245 |
_aAlbert Einstein and His Inflatable Universe / _cby Dr. Mike Goldsmith |
||
| 260 |
_aNew York : _bScholastic ; _c2001 . |
||
| 300 |
_a192 pages : _billustrations ; _c20 cm . |
||
| 490 | _aHorribly Famous | ||
| 505 | _aV | ||
| 520 | _aAlbert Einstein is the genius who invented e=mc2. He is possibly the brainiest scientist in history - and the battiest But did you know that Al's life was almost as wild as his hair? Not only was an unruly young Al expelled from school, but he was spied on by the Nazis and the FBI. And after he died, he had his brain removed. | ||
| 521 | 8 |
_a850
_bLexile estimate |
|
| 521 | 8 |
_aV
_bRaz-Plus |
|
| 650 |
_aread-over-and-over _vnon-fiction |
||
| 650 |
_aEinstein _vnon-fiction |
||
| 650 |
_abiography _vnon-fiction |
||
| 700 |
_aReeve, Philip _eillustrator |
||
| 942 |
_2ddc _cBK _n0 |
||
| 999 |
_c5230 _d5230 |
||